Mechanizácia a automatizácia v knižniciach a informačných strediskách : Cvičenia /
Saved in:
| Main Author: | |
|---|---|
| Other Authors: | |
| Format: | Book |
| Language: | Slovak |
| Published: |
Bratislava :
Univerzita Komenského v Bratislave,
1983
|
| Subjects: | |
| Online Access: |
|
| Tags: |
Add Tag
No Tags, Be the first to tag this record!
|
MARC
| LEADER | 00000nam a2200000 4500 | ||
|---|---|---|---|
| 003 | SK-BrCVT | ||
| 005 | 20220617153418.0 | ||
| 008 | 880101s1983 cs e ||||||slo d | ||
| 035 | |a CVTIDW0897142 | ||
| 040 | |b slo |a CVTI SR | ||
| 041 | 0 | |a slo | |
| 044 | |a cs | ||
| 080 | |a 027:65.011.56(075.8) |2 UDC-MRF | ||
| 080 | |a 027:681.3(075.8) |2 UDC-MRF | ||
| 080 | |a 002.6:65.011.56(075.8) |2 UDC-MRF | ||
| 100 | 1 | |a Bako, Michal | |
| 245 | 1 | 0 | |a Mechanizácia a automatizácia v knižniciach a informačných strediskách : |b Cvičenia / |c Michal Bako, Eva Krištofičová |
| 260 | |a Bratislava : |b Univerzita Komenského v Bratislave, |c 1983 | ||
| 300 | |a 128 s. | ||
| 653 | 1 | |a mechanizácia |a automatizácia |a knižnica |a informačné stredisko | |
| 692 | |a Ko MM | ||
| 700 | 1 | |a Krištofičová, Eva | |
| 910 | |b S466926 |b S466927 | ||
| 974 | |f Knihy | ||
| 992 | |a ASK | ||
| 999 | |c 50204 |d 50204 | ||